Zlyhanie profesionálneho investora ako dôsledok absentujúcej racionality

Teória očakávaného úžitku v neoklasickej ekonómii 20. storočia. Porovnanie funkcie úžitku pri rôznej preferencii rizika. Behaviorálne financie ako súbor posudzovaných anomálií. Toshihide Iguchi verzus Daiwa Bank, Limited.

Saved in:
Bibliographic Details
Main Author: Markovič, Peter, 1974-
Other Authors: Mihok, Dušan
Format: Book Chapter
Language:Slovak
Subjects:
Tags: Add Tag
No Tags, Be the first to tag this record!

MARC

LEADER 00000naa$a2200000$$$4500
001 0204318
005 20240502073417.9
041 0 |a slo 
044 |a SK 
245 1 0 |a Zlyhanie profesionálneho investora ako dôsledok absentujúcej racionality  |c Peter Markovič, Dušan Mihok 
520 |a Teória očakávaného úžitku v neoklasickej ekonómii 20. storočia. Porovnanie funkcie úžitku pri rôznej preferencii rizika. Behaviorálne financie ako súbor posudzovaných anomálií. Toshihide Iguchi verzus Daiwa Bank, Limited. 
610 2 0 |a financie behaviorálne 
610 2 0 |a rozhodovanie finančné 
610 2 0 |a investície 
610 2 0 |a investori 
610 2 0 |a riziko 
610 2 0 |a banky 
610 2 0 |a papiere cenné 
100 1 |a Markovič, Peter, 1974- 
700 1 |a Mihok, Dušan